MDQL
is popping MORE tags! Check the
thread
!
Quizzes
Events
Quiz Creation
Community
Videos
Private Events
Remove Ads
Sign In
Join for FREE
Feedback
Dark Mode
Quiz Categories
Sports
Geography
Music
Movies
Television
Just For Fun
Miscellaneous
History
Literature
Language
Science
Gaming
Entertainment
Religion
Holiday
For Kids
Quiz Lab
Recent
Popular Today
Quiz Kudos Today
Editor Picks
Curator Picks
Quizzes by...
Day
Popularity
Type
Ratings
Length
Year
Community
Subscriptions
Recent Discussions
Orange Saloon
Badges
Playlists
Quests
Create
Leaderboards
Showdown
Live 5
Trivia Bingo
Activity
Puzzle Library
Sporcle Events
Private Events
Virtual Trivia
Globe League
Become a Host
Pub Owners
SporcleCon
Opinionation
Our Games
Videos
Blog
Mobile Apps
Partnerships
Remove Ads and Go Orange
Feedback
Sports
Athletes
MLB
NBA
NHL
NFL
Soccer
Sports Teams
WWE
NCAA
Football
Premier League
Basketball
Baseball
Hockey
Golf
Tennis
Cricket
Rugby
Auto Racing
Olympics
World Cup
Sports
Athletes
MLB
NBA
NHL
NFL
Soccer
Sports Teams
WWE
NCAA
Football
Premier League
Basketball
Baseball
Hockey
Golf
Tennis
Cricket
Rugby
Auto Racing
Olympics
World Cup
Random Quiz
Search Sporcle
×
Quiz Lab
Quiz Lab
Sports
England Players
Type in answers that appear in a list
Type in answers that appear in a list
Classic
Best Score? Go Orange.
Every Crystal Palace goalscorer in 2016/17 Stats
Can you name every Crystal Palace goalscorer in 2016/17?
By
JackW19
10m
54 Questions
469 Plays
469 Plays
469 Plays
Comments
Comments
Give Quiz Kudos
Give Quiz Kudos
-
- Ratings
hide this ad
Replay
Link that replays current quiz
Next Quiz
Link to next quiz in quiz playlist
You Got
0%
They Got
Avg Score
86%
Avg Friend Score
Upgrade to see
Score Distribution
Jump to the score distribution portion of the page
Score
0/54
Timer
10:00
0
Plays Today
Opponent
Player
% Correct
Middlesbrough
Wilfried Zaha
98.3%
Swansea City
Wilfried Zaha
98.3%
Hull City
Wilfried Zaha
98.3%
Swansea City
Wilfried Zaha
98.3%
West Bromwich Albion
Wilfried Zaha
98.3%
Chelsea
Wilfried Zaha
98.3%
Hull City
Wilfried Zaha
98.1%
Hull City
Christian Benteke
98.1%
Middlesbrough
Christian Benteke
98.1%
Sunderland
Christian Benteke
98.1%
Everton
Christian Benteke
98.1%
Burnley
Christian Benteke
98.1%
Swansea City
Christian Benteke
98.1%
Southampton
Christian Benteke
98.1%
Southampton
Christian Benteke
98.1%
Hull City
Christian Benteke
98.1%
Bolton Wanderers
Christian Benteke
98.1%
Bolton Wanderers
Christian Benteke
98.1%
Bournemouth
Christian Benteke
98.1%
Chelsea
Christian Benteke
98.1%
Southampton
Christian Benteke
98.1%
Leicester City
Christian Benteke
98.1%
Liverpool
Christian Benteke
98.1%
Liverpool
Christian Benteke
98.1%
Leicester City
Yohan Cabaye
92.5%
Watford
Yohan Cabaye
92.5%
Arsenal
Yohan Cabaye
92.5%
Opponent
Player
% Correct
Leicester City
Yohan Cabaye
92.5%
Blackpool
Scott Dann
87.8%
Bournemouth
Scott Dann
87.8%
Stoke City
Scott Dann
87.8%
Bournemouth
Scott Dann
87.8%
Stoke City
Andros Townsend
87.6%
West Bromwich Albion
Andros Townsend
87.6%
Arsenal
Andros Townsend
87.6%
Stoke City
James McArthur
80.6%
Sunderland
James McArthur
80.6%
Liverpool
James McArthur
80.6%
Liverpool
James McArthur
80.6%
Manchester United
James McArthur
80.6%
Hull City
Patrick van Aanholt
77.7%
Stoke City
James Tomkins
76.1%
Swansea City
James Tomkins
76.1%
Southampton
James Tomkins
76.1%
Middlesbrough
Patrick van Aanholt
75.3%
Hull City
Luka Milivojevic
73.2%
Arsenal
Luka Milivojevic
70.4%
Blackpool
Connor Wickham
67.8%
Burnley
Connor Wickham
67.8%
Manchester City
Connor Wickham
67.8%
Hull City
Fraizer Campbell
62.5%
Sunderland
Joe Ledley
58.2%
Watford
Troy Deeney
52.7%
Swansea City
Jack Cork
46.1%
Quiz Playlist
Details
Report
Send in Message
Add To Playlist
Classic:
Type in answers that appear in a list
Last Updated: Mar 10, 2018
Quiz Scoreboard
CHALLENGE
Sign Up to Join the Scoreboard
Show All
Scores
Hide
Comments
May contain spoilers
Recently Published
Colored Red Africa Blitz
by spor1
Geography
30s
Find the 'City' Movie
by crazypaving
Movies
60s
5x2 Blitz: Bands
by SL_Kpop136
Music
30s
More to Explore
Quiz From the Vault
Featured Blog Post
14 Easter Pick-up Lines to Find Eggs With
hide this ad
You Might Also Like...
Tags
Crystal
Crystal Palace
England
England Players
goal
Goal Scorers
Goals Scored
London
Today's Top Quizzes in Sports
Browse Sports
hide this ad
Today's Top Quizzes in England Players
Browse England Players
Top Contributed Quizzes in Sports
1
Players with Multiple 50 Home Run Seasons
2
Les entraîneurs de l'OM et du PSG au 21e siècle
3
Criteria MLB: Left Handed Sluggers
4
2022 World Cup Stars
5
Les meilleurs buteurs des matchs entre le PSG et l’OM
6
Who Hit More Homers?
7
Les joueurs passés par le PSG et l'OM
8
NBA Logic Puzzle 2.0
9
Top 10 NHL Goal Scorers of All Time
10
MLB Players with Two .350 Batting Average Seasons
Explore More
Trending Topics
Anime
Disney
Harry Potter
Crossword
NBA
Kpop
Marvel
Song
Pokémon
The Office
Country
Puzzle
WWE
NFL
Soccer
hide this ad
More By:
JackW19
Quiz
Plays
Rating
Category
Featured
Created
Top 5 Premier League transfers by season
13,875
4.40
Sports
Apr 4, 2017
Manchester Derby Goalscorers since 2000
11,851
4.71
Sports
Jun 5, 2016
FC Barcelona players with 10+ goals in a season
10,596
5.00
Sports
Dec 10, 2018
Arsenal - Manchester United Goalscorers since 2000
9,311
4.33
Sports
Nov 16, 2016
Real Madrid players with 10+ goals in a season
8,814
5.00
Sports
Dec 10, 2018
Go to Creator's Profile
Score Distribution
Quiz Creator Spotlight
JackW19
Follow
Send a Message
Quizzes Created
-
Created Quiz Play Count
-
More By This Creator
Popular Quizzes Today
1
Colored Red Africa Blitz
2
Find the 'City' Movie
3
Find the US States - No Outlines Minefield
4
5x2 Blitz: Bands
5
The Countries of the World
6
Find the US States
7
US States
8
9x9 Crossword: Cartoon Network
More Sports Quizzes
All Premier League teams in 90 seconds?
Quiz Lab
Trending Quizzes
Colored Red Europe Blitz I
Colored Red Europe Blitz II
Colored Red Africa Blitz II
Colored Red Africa Blitz III
Colored Red Europe Blitz III
Recently Updated
Grab Bag: 4-10 Letters
pecheneg
2024 March Madness Bracket
pecheneg
Famous TV Couples
Peacemaker
Champions League XIs: Real Madrid
pecheneg
Largest US Cities 1790-2010
pecheneg
Rides in Walt Disney World
pecheneg
Most Oscar Losses (Acting)
pecheneg
Beyoncé Albums
pecheneg
Leaping Animals
pecheneg
Reality TV Shows (A-Z)
bhenderson79
Trending Topics
Harry Potter
Crossword
NBA
Marvel
Kpop
Disney
Anime
Country
WWE
Soccer
Puzzle
The Office
NFL
Song
Pokémon
Your Account Isn't Verified!
In order to create a playlist on Sporcle, you need to verify the email address you used during registration. Go to your
Sporcle Settings
to finish the process.
Report this User
Report this user for behavior that violates our
Community Guidelines
.
Details:
Send Report
Go to the Sporcle.com Mobile Site →
Comments